LEADER 01177nam0-2200397---450- 001 990004269410403321 005 20090303115039.0 035 $a000426941 035 $aFED01000426941 035 $a(Aleph)000426941FED01 035 $a000426941 100 $a19990604d1981----km-y0itay50------ba 101 0 $aita 102 $aIT 105 $ay-------00-cd 200 1 $aSalvatorelli storico$fA. Agnelli, A. Colombo, L. Compagna ... [et al.]$ga cura di Fulvio Tessitore 210 $aNapoli$cEdizioni Scientifiche Italiane$dc1981 215 $a170 p.$d21 cm 225 1 $a<>cultura delle idee$v5 610 0 $aSalvatorelli, Luigi 676 $a907.2$v21$zita 702 1$aAgnelli,$bArduino$f<1932- > 702 1$aColombo,$bArturo$f<1934- > 702 1$aCompagna,$bLuigi$f<1948- > 702 1$aTessitore,$bFulvio$f<1937- > 801 0$aIT$bUNINA$gRICA$2UNIMARC 901 $aBK 912 $a990004269410403321 952 $a907.2 SAL 1$bBibl.21162$fFLFBC 952 $aSE 092.07.35-$b5057$fDECSE 952 $aI A 50$b1596$fNAP02 959 $aFLFBC 959 $aDECSE 959 $aNAP02 996 $aSalvatorelli storico$9490591 997 $aUNINA LEADER 00969nam--2200337---450- 001 990003509880203316 005 20110304153426.0 035 $a000350988 035 $aUSA01000350988 035 $a(ALEPH)000350988USA01 035 $a000350988 100 $a20110304d--------km-y0itay50------ba 101 $afre 102 $aFR 105 $aa---||||001yy 200 1 $aCoagulation sanguine$eéquilibre et déséquilibres enzymatiques$fEtienne Simon, Christiane Roux 210 $aParis$cChoay$ds.d. 215 $a60 p.$cill.$d23 cm 225 2 $a<> monographies choay$v3 606 0 $aCoagulazione del sangue$2BNCF 676 $a573.159 702 1$aSIMON,$bEtienne 702 1$aROUX,$bChristiane 801 0$aIT$bsalbc$gISBD 912 $a990003509880203316 951 $aFDC MISC 5/129$b1183 Med.$cFDC 959 $aBK 969 $aMED 979 $aCIANATIEMP$b90$c20110304$lUSA01$h1534 996 $aCoagulation sanguine$91114293 997 $aUNISA LEADER 02118oam 2200577 450 001 9910713930803321 005 20201020105822.0 035 $a(CKB)5470000002506357 035 $a(OCoLC)1037875817$z(OCoLC)966434530 035 $a(OCoLC)995470000002506357 035 $a(EXLCZ)995470000002506357 100 $a20180528e19861985 ua 0 101 0 $aeng 135 $aurbn||||||||| 181 $ctxt$2rdacontent 182 $cc$2rdamedia 183 $acr$2rdacarrier 200 10$aDischarge ratings for control gates at Mississippi River Lock and Dam 11, Dubuque, Iowa /$fby Albert J. Heinitz ; prepared in cooperation with U.S. Army Corps of Engineers, Rock Island District 210 3$aIowa City, Iowa :$cU.S. Geological Survey,$d1986. 215 $a1 online resource (viii, 43 pages) $cillustrations, 1 map 225 1 $aWater resources investigations report ;$v85-4105 300 $a"Reprinted with revisions, 1986." 320 $aIncludes bibliographical references (page 43). 606 $aLocks (Hydraulic engineering)$zMississippi River 606 $aLocks (Hydraulic engineering)$zIowa$zDubuque 606 $aDams$zMississippi River 606 $aDams$zIowa$zDubuque 606 $aDams$xModels$2fast 606 $aHydraulic models$2fast 606 $aLocks (Hydraulic engineering)$xModels$2fast 607 $aMississippi River$xNavigation 607 $aMississippi River$2fast 615 0$aLocks (Hydraulic engineering) 615 0$aLocks (Hydraulic engineering) 615 0$aDams 615 0$aDams 615 7$aDams$xModels. 615 7$aHydraulic models. 615 7$aLocks (Hydraulic engineering)$xModels. 700 $aHeinitz$b Albert J.$01388242 712 02$aGeological Survey (U.S.), 712 02$aUnited States.$bArmy.$bCorps of Engineers.$bRock Island District. 801 0$bOCLCE 801 1$bOCLCE 801 2$bCOP 801 2$bOCLCQ 801 2$bGPO 906 $aBOOK 912 $a9910713930803321 996 $aDischarge ratings for control gates at Mississippi River Lock and Dam 11, Dubuque, Iowa$93496890 997 $aUNINA